भारत में भक्ति / (Record no. 207541)

MARC details
000 -LEADER
fixed length control field 01022nam a22002057a 4500
005 - DATE AND TIME OF LATEST TRANSACTION
control field 20241211100006.0
010 ## - LCCN (DPL NO)
LC control number HIN-128907
020 ## - INTERNATIONAL STANDARD BOOK NUMBER
International Standard Book Number 9789393603210
Terms of availability 700.00
035 ## - SYSTEM CONTROL NUMBER
System control number HN-101253
037 ## - SOURCE OF ACQUISITION
Source of stock number/acquisition DBAD
082 ## - DEWEY DECIMAL CLASSIFICATION NUMBER
Classification number 821.08
245 ## - TITLE STATEMENT
Title भारत में भक्ति /
Statement of responsibility, etc सुजीत कुमार सिंह और नितेश उपाध्याय द्वारा संपादित
250 ## - EDITION STATEMENT
Edition statement प्रथम
260 ## - PUBLICATION, DISTRIBUTION, ETC. (IMPRINT)
Place of publication, distribution, etc प्रयागराज
Name of publisher, distributor, etc लोकभारती प्रकाशन
Date of publication, distribution, etc 2024
270 ## - ADDRESS
Address पहली मंजिल, दरबारी बिल्डिंग, महात्मा गाँधी मार्ग
City प्रयागराज
Postal code 211001
Electronic mail address info@lokbhartiprakashan.com
300 ## - PHYSICAL DESCRIPTION
Extent 240 पृ.
Dimensions 22 सेमी (सजिल्द)
700 ## - ADDED ENTRY--PERSONAL NAME
Personal name सुजीत कुमार सिंह
9 (RLIN) 74922
700 ## - ADDED ENTRY--PERSONAL NAME
Personal name उपाध्याय, नितेश
9 (RLIN) 74923
942 ## - ADDED ENTRY ELEMENTS (KOHA)
Source of classification or shelving scheme Dewey Decimal Classification
Item type Hindi Books
Classification part 821.08
Call number suffix भारत
Holdings
Withdrawn status Lost status Not for loan Collection code Home library Current library Date acquired Source of acquisition Cost, normal purchase price Full call number Barcode Copy number Cost, replacement price Koha item type
      Non-fiction Bawana Bawana 11/12/2024 DBAD 700.00 821.08 भारत HN-101253 1 700.00 Hindi Books

© Delhi Public Library
Hit Counter
free hit counter